Tcl/Tk in a Nutshell /

The Tcl language and Tk graphical toolkit are simple and powerful building blocks for custom applications. The Tcl/Tk combination is increasingly popular because it lets you produce sophisticated graphical interfaces with a few easy commands, develop and change scripts quickly, and conveniently tie...

Full description

Bibliographic Details
Main Authors: Raines, Paul (Author), Tranter, Jeff (Author)
Corporate Author: Safari, an O'Reilly Media Company
Format: eBook
Language:English
Published: O'Reilly Media, Inc., 1999.
Edition:1st edition.
Subjects:
Online Access:Connect to this electronic resource

MARC

Tag First Indicator Second Indicator Subfields
LEADER 00000uam a2200000 a 4500
001 in00004265767
005 20260123224846.6
006 m o d
007 cr cn
008 060613s1999 xx o eng
020 |z 9781565924338 
035 |a (CaSebORM)9780596803520 
040 |d UtOrBLW 
041 0 |a eng 
100 1 |a Raines, Paul,  |e author.  |0 http://id.loc.gov/authorities/names/no98132017 
245 1 0 |a Tcl/Tk in a Nutshell /  |c Raines, Paul. 
250 |a 1st edition. 
264 1 |b O'Reilly Media, Inc.,  |c 1999. 
300 |a 1 online resource (454 pages) 
336 |a text  |b txt  |2 rdacontent 
337 |a computer  |b c  |2 rdamedia 
338 |a online resource  |b cr  |2 rdacarrier 
347 |a text file 
520 |a The Tcl language and Tk graphical toolkit are simple and powerful building blocks for custom applications. The Tcl/Tk combination is increasingly popular because it lets you produce sophisticated graphical interfaces with a few easy commands, develop and change scripts quickly, and conveniently tie together existing utilities or programming libraries.One of the attractive features of Tcl/Tk is the wide variety of commands, many offering a wealth of options. Most of the things you'd like to do have been anticipated by the language's creator, John Ousterhout, or one of the developers of Tcl/Tk's many powerful extensions. Thus, you'll find that a command or option probably exists to provide just what you need.And that's why it's valuable to have a quick reference that briefly describes every command and option in the core Tcl/Tk distribution as well as the most popular extensions. Keep this book on your desk as you write scripts, and you'll be able to find almost instantly the particular option you need.Most chapters consist of alphabetical listings. Since Tk and mega-widget packages break down commands by widget, the chapters on these topics are organized by widget along with a section of core commands where appropriate. Contents include: Core Tcl and Tk commands and Tk widgets C interface (prototypes) Expect [incr Tcl] and [incr Tk] Tix TclX BLT Oratcl, SybTcl, and Tclodbc 
533 |a Electronic reproduction.  |b Boston, MA :  |c Safari,  |n Available via World Wide Web. 
538 |a Mode of access: World Wide Web. 
542 |f Copyright © O'Reilly Media, Inc. 
588 |a Online resource; Title from title page (viewed March 25, 1999) 
500 |a Electronic resource. 
655 7 |a Electronic books.  |2 local 
700 1 |a Tranter, Jeff,  |e author.  |0 http://id.loc.gov/authorities/names/n96120646 
710 2 |a Safari, an O'Reilly Media Company. 
856 4 0 |u https://proxy.library.tamu.edu/login?url=https://go.oreilly.com/TAMU/library/view/-/9780596803520/?ar  |z Connect to this electronic resource  |t 0 
999 f f |s fac25a75-85f8-3053-8c48-2925ac430820  |i 5c8cac57-b305-39b1-b2a4-0c5541ffff0f  |t 0 
952 f f |a Texas A&M University  |b College Station  |c Electronic Resources  |s www_evans  |d Available Online  |t 0  |h No information provided 
998 f f |t 0  |l Available Online